000 00509nam a22001577a 4500
003 macl
005 20170120154924.0
008 170120b xxu||||| |||| 00| 0 eng d
040 _cmacl
082 _a891.433/MAD/S
100 _aसम्‍पादक मध्‍ुादीप
_966639
245 _aपडाव और पडताल खण्‍ड 7
260 _aदिल्‍ली
_bदिशा प्रकाशन
_c2014
650 _aकहानियां
_933092
942 _2ddc
_cHIN
999 _c55993
_d55993